Cloudo - jedno miesto na prehľadávanie všetkých cloudových aplikácií

Salvato in:
Dettagli Bibliografici
Autore principale: Hagarová, Ráchel, 1990-
Natura: Capitolo di libro
Lingua:slovacco
Soggetti:
Tags: Aggiungi Tag
Nessun Tag, puoi essere il primo ad aggiungerne!!

MARC

LEADER 00000naa$a2200000$$$4500
001 0225641
005 20240502073712.1
041 0 |a slo 
044 |a SK 
245 1 0 |a Cloudo - jedno miesto na prehľadávanie všetkých cloudových aplikácií  |c Ráchel Hagarová 
610 2 0 |a štúdie prípadové 
610 2 0 |a start-up 
610 2 0 |a cloud computing 
610 2 0 |a sklad dát 
610 2 0 |a dáta 
100 1 |a Hagarová, Ráchel, 1990-